000 00819nmm a2200265 a 4500
001 ocm0001083803
003 TR-IsHL
005 20201028151807.0
008 150709s2012 tu tur
007 cr cn
020 _a9786054611393
035 _a1083803
_b(N$T)
050 0 4 _aPL248.G83
_bG47 2012
090 0 4 _aPL248.G83
_bG47 2012
100 1 _aGüçlü, Abdurrahim
245 1 0 _aGerici
_h[electronic resource] /
_cAbdurrahim Güçlü
260 _aİstanbul :
_bMola Kitap,
_c2012
300 _a181 p.
650 4 _aDil ve Edebiyat
650 4 _aLanguage and Literature
650 0 _aTürk romanı
650 0 _aTurkish fiction
650 7 _aLITERARY COLLECTIONS / Middle Eastern
_2bisacsh
856 4 0 _uhttp://search.ebscohost.com/login.aspx?direct=true&scope=site&db=e011xww&AN=1083803
999 _c11192
_d11192